Statistiken für Deutsche Lieder nach Buchstabe - Spezial - Zahlen

Klicken Sie hier um das Quiz zu spielen!

Allgemein

  • Dieses Quiz wurde 158 mal gespielt
  • Das Durchschnittsergebnis liegt bei 6 aus 18

Antwortstatistiken

TitelInterpret% Korrekt
99 LuftballonsNena
98%
’54, ’74, ’90, 2006Sportfreunde Stiller
70%
194 LänderMark Forster
69%
80 MillionenMax Giesinger
64%
1000 und 1 Nacht (Zoom!)Klaus Lage
42%
36Grad2raumwohnung
39%
200 km/hApache 207
39%
5 krasse RapperKitty Kat, Tony D, B-Tight, Sido, Fler
25%
90-60-111Shirin David
23%
1,40mPrinz Pi feat. Philipp Dittberner
20%
7 StundenLea x Capital Bra
15%
2xMathea
14%
3 Tage wachLützenkirchen
10%
20.000 MeilenXavier Naidoo
10%
12 MillionenDame
8%
6 UhrSamra
8%
30° GradMC Fitti
5%
40kUfo361
2%

Verteilung der Resultate

Perzentil nach korrekt beantworteten Fragen

Anzahl Personen mit jedem Resultat

Ihre Resultats-Entwicklung

Sie haben dieses Quiz noch nicht gespielt